Diccionario de sueños : (Registro nro. 35938)

Detalles MARC
000 -CABECERA
Longitud fija campo de control 00641nam a2200193 4500
003 - • IDENTIFICADOR DELl NÚMERO DE CONTROL
Identificador del número de control CO-ViMGA
020 ## - • NÚMERO INTERNACIONAL NORMALIZADO PARA LIBROS
Número Internacional Normalizado para Libros (ISBN) 9789583017209
040 ## - FUENTE DE LA CATALOGACIÓN
Centro catalogador de origen CO-ViMGA
Lengua de catalogación spa
Centro transcriptor CO-ViMGA
082 04 - • NÚMERO DE LA CLASIFICACIÓN DECIMAL DEWEY
Número de clasificación (R) R133.334
Número del ítem B21d
100 1# - • PUNTO DE ACCESO PRINCIPAL-NOMBRE DE PERSONA
Nombre de persona Beattie, Antonia
245 10 - • TITULO PROPIAMENTE DICHO
Título Diccionario de sueños :
Resto del título todo lo que necesita saber para interpretar los sueños y hacer que ellos trabajen para usted /
Mención de responsabilidad, etc. Antonia, Beattie
250 ## - • MENCIÓN DE EDICIÓN
Mención de edición 19 ed.
300 ## - • DESCRIPCIÓN FÍSICA
Extensión 192 p. :
Otras características físicas 28 cm
500 ## - • NOTA GENERAL
Nota general Incluye índice
650 14 - • PUNTO DE ACCESO ADICIONAL DE MATERIA - TÉRMINO DE MATERIA
Término de materia o nombre geográfico como elemento inicial Interpretación de los sueños
Subdivisión de forma Diccionarios
650 14 - • PUNTO DE ACCESO ADICIONAL DE MATERIA - TÉRMINO DE MATERIA
Término de materia o nombre geográfico como elemento inicial Sueños
Subdivisión de forma Diccionarios
942 ## - ENTRADA DE ELEMENTOS AGREGADOS (KOHA)
Koha [por defecto] tipo de item Libro Referencia
Fuente de clasificaión o esquema Dewey Decimal Classification
Existencias
Perdido Fuente de clasificación o esquema Estado Físico No para préstamo Forma de adquisición Localización permanente Localización actual Fecha adquisición Coste, precio normal de compra Préstamos totales Signatura completa Código de barras Fecha última consulta Número de copia Fecha del precio de reemplazo Tipo de item de Koha
  Dewey Decimal Classification     Sala General Segundo Piso Biblioteca Pública Germán Arciniegas - Villavicencio Biblioteca Pública Germán Arciniegas - Villavicencio 09/02/2016 20667.00   R133.334 B21d 30394 03/08/2019 Ej. 1 09/02/2016 Libro Referencia
  Dewey Decimal Classification     Sala General Segundo Piso Biblioteca Pública Germán Arciniegas - Villavicencio Biblioteca Pública Germán Arciniegas - Villavicencio 09/02/2016 20667.00   R133.334 B21d 30394 - 2 07/08/2017 Ej. 2 07/08/2017 Libro Referencia









Instituto Departamental de Cultura del Meta - Red Departamental de Bibliotecas Públicas del Meta.